María: prototipo de la fe

Uloženo v:
Podrobná bibliografie
Hlavní autor: Häring, Bernhard (Autor)
Médium: Kniha
Jazyk:španělština
Vydáno: Barcelona Herder 1983
Témata:
Tagy: Přidat tag
Žádné tagy, Buďte první, kdo vytvoří štítek k tomuto záznamu!

MARC

LEADER 00000nam a2200000 a 4500
001 UCW8197
003 CL-VaPUC
005 20221114120657.0
008 880705e19830000SP |||||||||||||||||spa|d
999 |c 220654  |d 220652 
040 |c Pontificia Universidad Católica de Valparaíso 
082 0 4 |a 232.91  |b HAR  |2 21 
100 |a Häring, Bernhard  |e author  |9 346118 
245 1 0 |a María: prototipo de la fe 
260 |a Barcelona  |b Herder  |c 1983 
300 |a 154 p 
583 |a last modification  |c 19880705 00:00:00  |k Rodrigo Vera 
650 0 |a Virgen María   |9 313323 
942 |c BK  |2 ddc 
945 |d 19880705 00:00:00 
952 |0 0  |1 0  |4 0  |6 232_910000000000000_HAR_1983  |7 0  |8 A  |9 213158  |a BIBTEO  |b BIBTEO  |d 2019-11-15  |i 2814846  |o 232.91 HAR 1983  |p 2814846  |r 2025-01-17  |w 2019-11-15  |y BK  |k ICR